01708 2200445 4500001002100000005001500021035002000036007000300056008004100059020002200100040002200122082001600144084001800160090002200178090002200200100004600222245027700268250003000545300002900575650003000604700003900634700004000673700004200713700003900755700004600794700004100840700004100881700003900922700004200961700004801003700003601051850001201087041000801099264003701107336002101144337003001165338002301195999002201218990002201240INLIS00000000084774320200214105717 a0010-0519001078ta190523 2017 yoi b ind d a978-602-371-413-1 aYOPDYOGbinderda04223a808.301 a808.301 MAU g aDEP 808.301 MAU g aCB-D.11 2017-30820 aMauris Tasya Raqa Gaharu,d2007-epenulis10aGadis pencinta air /cpenulis, Mauris Tasya Raqa Gaharu, Kalyandra Endhita, Sheila Fatimah Ali, Farrel Ahmad Rooseno, Fathimah Putri U., Ahmad Shofwan Isykariman, Jeanne Diva Ganesya, Almira Kamilia Fata, Aida Hasna Hunafa, Salwa Saniyya Yarrie, Khairunnisa Qonita Rafifah aCetakan Pertama, Mei 2017 axii, 84 halaman ;c19 cm 4aCerita pendek--vKumpulan0 aKalyandra Endhita,d2008-epenulis0 aSheila Fatimah Ali,d2006-epenulis0 aFarrel Ahmad Rooseno,d2006-epenulis0 aFathimah Putri U.,d2007-epenulis0 aAhmad Shofwan Isykariman,d2006-epenulis0 aJeanne Diva Ganesya,d2006-epenulis0 aAlmira Kamilia Fata,d2008-epenulis0 aAida Hasna Hunafa,d2006-epenulis0 aSalwa Saniyya Yarrie,d2006-epenulis0 aKhairunnisa Qonita Rafifah,d2006-epenulis0 aZaakiyah Harsya,d2007epenulis aYOPDYOG0 aind31aYogyakarta :bLeutikaPrio,c2017 2rdacontentateks 2rdamediaatanpa perantara 2rdacarrieravolume aCB-D.11/2017-3082 aCB-D.11/2017-3082